000
00404nam a22001697a 4500
003
MPLRDC
005
20220104142856.0
008
210129b ||||| |||| 00| 0 eng d
082
_a
490.7 LSJ
100
_a
李世俊等著
245
_a
孙子兵法与企业管理
_c
250
_a
一版一刷
260
_a
_b
广西人民出版社
_c
1984
300
_b
平
650
_a
942
_c
BK
_o
490.7 LSJ
999
_c
34437
_d
34427